[Event "Online Olym Div4 B 2020"]
[Site "chess.com INT"]
[Date "2020.08.01"]
[Round "4.1"]
[Board "1"]
[White "Beukes, Dante M"]
[Black "Paiva, Donaldo"]
[Result "1/2-1/2"]
[WhiteTitle "IM"]
[BlackTitle "CM"]
[WhiteElo "2206"]
[BlackElo "2230"]
[WhiteTeam "Namibia"]
[BlackTeam "Mozambique"]
[WhiteFideId "15200540"]
[BlackFideId "14800098"]
[EventDate "2020.07.31"]
[EventType "team"]

1. e4 c6 2. Nf3 d5 3. d3 Bg4 4. Nbd2 e6 5. h3 Bxf3 6. Nxf3 Nf6 7. e5 Nfd7 8. g3
c5 9. Bg2 Nc6 10. Bf4 Qc7 11. Qe2 Nd4 12. Nxd4 cxd4 13. O-O Rc8 14. Rfc1 Be7 15.
h4 O-O 16. c3 Qb6 17. Rab1 Qa5 18. cxd4 Qxa2 19. Ra1 Rxc1+ 20. Rxc1 Bd8 21. h5
h6 22. Qg4 Kh8 23. Rc8 Bb6 24. Rxf8+ Nxf8 25. Be3 Qxb2 26. Qf3 Kg8 27. Qg4 Kh8
28. Qf3 Kg8 29. Qg4 Kh8 1/2-1/2

[Event "Online Olym Div4 B 2020"]
[Site "chess.com INT"]
[Date "2020.08.01"]
[Round "4.1"]
[Board "2"]
[White "Calicoca, Wilton Inacio"]
[Black "Eichab, Charles"]
[Result "1-0"]
[WhiteTitle "FM"]
[BlackTitle "CM"]
[WhiteElo "2122"]
[BlackElo "2029"]
[WhiteTeam "Mozambique"]
[BlackTeam "Namibia"]
[WhiteFideId "14800268"]
[BlackFideId "15200051"]
[EventDate "2020.07.31"]
[EventType "team"]

1. e4 c5 2. Nf3 d6 3. d4 cxd4 4. Nxd4 Nf6 5. Nc3 g6 6. Be2 Bg7 7. Be3 O-O 8. Qd2
Nc6 9. h4 d5 10. Nxc6 bxc6 11. e5 Ne4 12. Nxe4 dxe4 13. Qxd8 Rxd8 14. Bf4 h5 15.
Rd1 Rxd1+ 16. Kxd1 Be6 17. Kc1 a5 18. a3 f5 19. Rd1 Kf7 20. f3 a4 21. fxe4 fxe4
22. Rd4 Ra5 23. g3 e3 24. Re4 Bf5 25. Rxe3 Rc5 26. Bd1 Ke6 27. c3 Rc4 28. b4
Rxf4 29. gxf4 Bh6 30. Rf3 Be4 31. Rf1 Kf5 32. Bxa4 Bxf4+ 33. Kb2 Kxe5 34. Bc2
Bg3 35. Rg1 Bxh4 36. Bxe4 Kxe4 37. Rxg6 Bf6 38. Rh6 h4 39. a4 Kd3 40. Kb3 Ke4
41. a5 c5 42. Rxf6 exf6 43. a6 1-0

[Event "Online Olym Div4 B 2020"]
[Site "chess.com INT"]
[Date "2020.08.01"]
[Round "4.1"]
[Board "3"]
[White "Mentile, Lishen"]
[Black "Vilhete, Vania Fausto Da T."]
[Result "0-1"]
[WhiteTitle "WCM"]
[BlackTitle "WIM"]
[WhiteElo "1513"]
[BlackElo "1799"]
[WhiteTeam "Namibia"]
[BlackTeam "Mozambique"]
[WhiteFideId "15200477"]
[BlackFideId "14800144"]
[EventDate "2020.07.31"]
[EventType "team"]

1. e4 c5 2. Nf3 d6 3. d4 cxd4 4. Nxd4 Nf6 5. Nc3 a6 6. Bc4 e6 7. O-O Be7 8. Bg5
Qc7 9. Bb3 O-O 10. Qe2 b5 11. f4 Nc6 12. Nxc6 Qxc6 13. e5 dxe5 14. fxe5 Bc5+ 15.
Kh1 Nd5 16. Ne4 Bb7 17. Bxd5 Qxd5 18. Nxc5 Qxc5 19. Qg4 Qxc2 20. Bh6 Qxg2+ 21.
Qxg2 Bxg2+ 22. Kxg2 gxh6 23. Rac1 Rac8 24. Rxc8 Rxc8 25. Rf2 Rc5 26. Re2 Kg7 27.
Kf3 Rc4 28. h3 f6 29. exf6+ Kxf6 30. b3 Rc3+ 31. Kg4 Rc5 32. h4 h5+ 33. Kf4 a5
34. Re4 Rf5+ 35. Kg3 h6 36. a3 Rc5 37. Re3 e5 38. Rf3+ Ke6 39. Re3 b4 40. axb4
axb4 41. Re4 Rc3+ 42. Kf2 Rxb3 43. Ke2 Kf5 0-1

[Event "Online Olym Div4 B 2020"]
[Site "chess.com INT"]
[Date "2020.08.01"]
[Round "4.1"]
[Board "4"]
[White "Castro, Neusa Aridas De"]
[Black "Tsuses, Patience"]
[Result "1-0"]
[WhiteTitle "WCM"]
[WhiteElo "1512"]
[BlackElo "1031"]
[WhiteTeam "Mozambique"]
[BlackTeam "Namibia"]
[WhiteFideId "14800250"]
[BlackFideId "15200876"]
[EventDate "2020.07.31"]
[EventType "team"]

1. e4 e5 2. Nf3 Nc6 3. Bc4 Nf6 4. d3 Bc5 5. Nc3 O-O 6. O-O d6 7. h3 Be6 8. Bb5
a6 9. Bxc6 bxc6 10. Bg5 h6 11. Bh4 Rb8 12. b3 Re8 13. Ne2 d5 14. Nxe5 Rb6 15.
exd5 cxd5 16. Nf3 Bf5 17. d4 Bf8 18. Nc3 Rc6 19. Na4 Rxc2 20. Ne5 Bd6 21. Nf3
Ree2 22. Re1 Rxe1+ 23. Nxe1 Rc6 24. Qf3 Be4 25. Qe2 g5 26. Bg3 Bxg3 27. fxg3 Kg7
28. Qf2 Re6 29. Nc3 Bg6 30. Nf3 Qe7 31. Ne5 Bh7 32. Re1 Qb4 33. Re3 Ng8 34.
Qxf7+ Kh8 35. Qxe6 Bc2 36. Nf7+ Kg7 37. Rf3 Qxd4+ 38. Kh2 Bg6 39. Qe5+ Qxe5 40.
Nxe5 1-0

[Event "Online Olym Div4 B 2020"]
[Site "chess.com INT"]
[Date "2020.08.01"]
[Round "4.1"]
[Board "5"]
[White "Ndahangwapo, Heskiel"]
[Black "Vasco, Mateus Felizardo Viageiro"]
[Result "0-1"]
[WhiteElo "1883"]
[BlackElo "1862"]
[WhiteTeam "Namibia"]
[BlackTeam "Mozambique"]
[WhiteFideId "15202020"]
[BlackFideId "14800403"]
[EventDate "2020.07.31"]
[EventType "team"]

1. d4 Nf6 2. Nf3 e6 3. g3 b6 4. Bg2 Bb7 5. O-O Be7 6. Bg5 d5 7. Bxf6 Bxf6 8.
Nbd2 O-O 9. e3 c5 10. c3 Nc6 11. Re1 Rc8 12. Qe2 Re8 13. Rad1 cxd4 14. exd4 Na5
15. Ne5 Qc7 16. Qf3 b5 17. Bf1 Nc4 18. Bxc4 bxc4 19. Re2 Red8 20. Nf1 Qb6 21.
Ng4 Be7 22. Nfe3 Bf8 23. h4 Bc6 24. h5 h6 25. Ne5 Be8 26. N3g4 Rc7 27. Kg2 Rb8
28. Rh1 Qa6 29. Rh4 f5 30. Ng6 Bxg6 31. hxg6 fxg4 32. Qxg4 Re7 33. a3 Rbe8 34.
f4 Rb8 35. Rh5 Rb6 36. Rhe5 Qb7 37. f5 exf5 38. Qxf5 Rxe5 39. Qxe5 Rxg6 40. Qe8
Qc6 41. Qe5 Bd6 42. Qf5 Bxg3 43. Kh1 Qf6 44. Qc8+ Kh7 45. Qh3 Qf3+ 0-1

[Event "Online Olym Div4 B 2020"]
[Site "chess.com INT"]
[Date "2020.08.01"]
[Round "4.1"]
[Board "6"]
[White "Efentakis, Theodora"]
[Black "Horn, Lure"]
[Result "0-1"]
[WhiteElo "1147"]
[BlackElo "1116"]
[WhiteTeam "Mozambique"]
[BlackTeam "Namibia"]
[WhiteFideId "14801078"]
[BlackFideId "15200728"]
[EventDate "2020.07.31"]
[EventType "team"]

1. e4 c5 2. Nf3 Nc6 3. Bc4 g6 4. O-O Bg7 5. Nc3 Nf6 6. d3 O-O 7. Be3 d6 8. h3 a6
9. a4 Be6 10. Ba2 Bxa2 11. Rxa2 b6 12. Qd2 d5 13. exd5 Nxd5 14. Nxd5 Qxd5 15. b3
Rfd8 16. Bh6 Nb4 17. Bxg7 Nxa2 18. Bb2 Nb4 19. Qh6 f6 20. Re1 Re8 21. h4 Nxc2
22. Rd1 Nd4 23. Bxd4 cxd4 24. Rb1 Rac8 25. Qf4 e5 26. Qxf6 Rc6 27. Qg5 Rc3 28.
h5 Re6 29. h6 Rxd3 30. Nh4 Qe4 31. Qd8+ Kf7 32. Qd7+ Re7 33. Qd8 Qxh4 34. Qd5+
Re6 35. Qd7+ Qe7 36. Qxe7+ Kxe7 37. f3 Kf6 38. Kf1 e4 39. fxe4 Rxe4 40. Kg1 Rde3
41. Rf1+ Ke6 42. Rf8 Re1+ 43. Kh2 Rh4+ 44. Kg3 Rhe4 45. Rh8 d3 46. Rd8 R1e3+ 47.
Kh2 Rh4+ 48. Kg1 Rxh6 49. Kf2 Re5 50. Re8+ Kd6 51. Rd8+ Kc5 52. Rxd3 Rhh5 53.
Rc3+ Kb4 54. Rd3 Rhf5+ 55. Kg1 Re1+ 56. Kh2 Rb1 57. g4 Rf2+ 58. Kg3 Rfb2 59. Kf4
Rxb3 60. Rd4+ Ka3 61. a5 Rb4 62. Rxb4 Rxb4+ 63. Kg5 bxa5 64. Kh6 Rxg4 65. Kxh7
Rd4 66. Kxg6 Kb3 67. Kf5 Kc3 68. Ke5 a4 69. Kf6 a3 70. Kg5 a2 71. Kg6 a1=Q 72.
Kf5 Qe1 73. Kg5 Rd2 74. Kf4 Rf2+ 75. Kg3 Qg1+ 76. Kh3 Rh2# 0-1

[Event "Online Olym Div4 B 2020"]
[Site "chess.com INT"]
[Date "2020.08.01"]
[Round "4.2"]
[Board "1"]
[White "Michaelides, Konstantinos"]
[Black "Yousuf Azeem Makhdoomi"]
[Result "1-0"]
[WhiteTitle "CM"]
[WhiteElo "2260"]
[BlackElo "1790"]
[WhiteTeam "Cyprus"]
[BlackTeam "Pakistan"]
[WhiteFideId "5901871"]
[BlackFideId "7801254"]
[EventDate "2020.07.31"]
[EventType "team"]

1. d4 d5 2. c4 e6 3. Nf3 Nf6 4. g3 Be7 5. Bg2 O-O 6. O-O b6 7. cxd5 exd5 8. Nc3
Bb7 9. Ne5 c6 10. e4 dxe4 11. Nxe4 Nd5 12. Nc3 Nd7 13. Nxc6 Bxc6 14. Nxd5 Bd6
15. Re1 Rc8 16. Be3 h6 17. Rc1 Ba8 18. Bf4 Rxc1 19. Qxc1 Nf6 20. Nxf6+ Qxf6 21.
Bxd6 Qxd6 22. Bxa8 Rxa8 23. Qc4 Rd8 24. Rd1 Qf6 25. Kg2 Rd6 26. h4 g6 27. Rd2
Qd8 28. d5 Qd7 29. Qe4 Kh7 30. h5 Kg8 31. hxg6 fxg6 32. Qe5 Kh7 33. b3 b5 34. b4
a6 35. a3 Kg8 36. Qe3 Rxd5 37. Qb3 1-0

[Event "Online Olym Div4 B 2020"]
[Site "chess.com INT"]
[Date "2020.08.01"]
[Round "4.2"]
[Board "6"]
[White "Mehak, Gul"]
[Black "Sarkisian, Aikaterina"]
[Result "1-0"]
[WhiteElo "1533"]
[BlackElo "1016"]
[WhiteTeam "Pakistan"]
[BlackTeam "Cyprus"]
[WhiteFideId "7800908"]
[BlackFideId "5905265"]
[EventDate "2020.07.31"]
[EventType "team"]

1. e4 c5 2. c3 Nc6 3. d4 cxd4 4. cxd4 e6 5. d5 exd5 6. exd5 Ne5 7. Nf3 d6 8.
Bb5+ Bd7 9. Bxd7+ Qxd7 10. Nxe5 dxe5 11. O-O Nf6 12. Nc3 Bb4 13. Bg5 Qe7 14.
Qa4+ Kf8 15. a3 Bxc3 16. bxc3 Qd6 17. Rfd1 Ne4 18. Qxe4 f6 19. Be3 a6 20. Qb4
Qxb4 21. axb4 Rc8 22. Rac1 Kf7 23. c4 Rc7 24. Bb6 Rd7 25. c5 Rc8 26. Kf1 f5 27.
Ke2 e4 28. c6 bxc6 29. Rxc6 Rb8 30. Ba5 Rb5 31. d6 Ke6 32. Rxa6 g6 33. Ke3 Ke5
34. Rb6 Rd5 35. Rxd5+ Kxd5 36. Kf4 h6 37. h4 Ke6 38. b5 Kd5 39. Rc6 Ke6 40. Bc7
Kd5 41. Rc1 Ke6 42. b6 Kd5 43. b7 g5+ 44. hxg5 hxg5+ 45. Kxf5 Kd4 46. b8=Q e3
47. fxe3+ Kxe3 48. Qb3+ Kf2 49. Rc2+ Kg1 50. g3 Rf7+ 51. Kg4 Rf1 52. Bb6+ Kh1
53. Qf3+ Rxf3 54. Rc1+ Kh2 55. Kxf3 Kh3 56. Rh1# 1-0

[Event "Online Olym Div4 B 2020"]
[Site "chess.com INT"]
[Date "2020.08.01"]
[Round "4.3"]
[Board "1"]
[White "Hamad, Ahmad"]
[Black "Borg, Geoffrey"]
[Result "0-1"]
[WhiteTitle "FM"]
[BlackTitle "FM"]
[WhiteElo "2207"]
[BlackElo "2367"]
[WhiteTeam "Syria"]
[BlackTeam "Malta"]
[WhiteFideId "7600364"]
[BlackFideId "5600014"]
[EventDate "2020.07.31"]
[EventType "team"]

1. e4 c5 2. Nf3 g6 3. c3 Bg7 4. d4 cxd4 5. cxd4 d5 6. e5 Bg4 7. Bb5+ Nd7 8. O-O
e6 9. Nbd2 Ne7 10. h3 Bxf3 11. Nxf3 a6 12. Bd3 Nc6 13. Be3 O-O 14. Qd2 Qa5 15.
Qe2 Rac8 16. a3 Qd8 17. b4 b5 18. Nd2 Nb6 19. Nb3 Nc4 20. Nc5 Ra8 21. f4 Qe7 22.
Bf2 a5 23. bxa5 Rxa5 24. a4 Rfa8 25. Rac1 bxa4 26. Bxc4 dxc4 27. Qxc4 Qe8 28.
Nb7 R5a6 29. Nd6 Qd7 30. d5 exd5 31. Qxd5 a3 32. Bc5 a2 33. Ra1 Qe6 34. Qxe6
fxe6 35. Rf2 Nxe5 36. fxe5 Bxe5 37. Rff1 Bxd6 38. Bxd6 Rxd6 39. Rf2 Rda6 40. Kf1
Rf8 0-1

[Event "Online Olym Div4 B 2020"]
[Site "chess.com INT"]
[Date "2020.08.01"]
[Round "4.3"]
[Board "2"]
[White "Darmanin, Jake"]
[Black "Hilwani, Talal"]
[Result "0-1"]
[WhiteTitle "CM"]
[WhiteElo "2078"]
[BlackElo "2274"]
[WhiteTeam "Malta"]
[BlackTeam "Syria"]
[WhiteFideId "5601061"]
[BlackFideId "7600410"]
[EventDate "2020.07.31"]
[EventType "team"]

1. e4 c5 2. Nf3 d6 3. c3 Nf6 4. h3 Nc6 5. d4 cxd4 6. cxd4 d5 7. e5 Ne4 8. Nc3
Nxc3 9. bxc3 Bf5 10. Ba3 e6 11. Bxf8 Kxf8 12. Qb3 Qe7 13. Bb5 Na5 14. Qa4 b6 15.
O-O h6 16. Rac1 Rc8 17. c4 Nxc4 18. Bxc4 dxc4 19. Rxc4 Rxc4 20. Qxc4 Kg8 21. Rc1
Kh7 22. Qc7 Re8 23. Qxe7 Rxe7 24. Nd2 Rd7 25. Nb3 h5 26. Kf1 h4 27. Ke2 Be4 28.
g3 g5 29. Ke3 Bd5 30. Rc2 Kg6 31. gxh4 gxh4 32. f4 a5 33. Nd2 b5 34. Ne4 Bxe4
35. Kxe4 b4 36. Rc5 Ra7 37. Rb5 Ra8 38. Rb6 Rc8 39. f5+ Kg5 40. fxe6 fxe6 41.
Ra6 Rc3 42. Rxa5 Rxh3 43. Ra6 Ra3 44. Rxe6 Rxa2 45. Rb6 Rb2 46. d5 h3 47. Rb8
Re2+ 48. Kd4 h2 49. Rh8 Kf4 50. e6 b3 51. e7 b2 52. Rf8+ Kg3 53. Rg8+ Kf3 54.
Rf8+ Kg2 55. Rg8+ Kh3 56. Rh8+ Kg3 57. Rg8+ Kh4 58. Rh8+ Kg4 59. Rg8+ Kf5 60.
Rf8+ Kg6 61. Rf1 Rxe7 62. d6 Re2 63. Kd5 Rf2 64. Rh1 Kf6 65. d7 Ke7 66. Kc6 Rc2+
67. Kb5 Kxd7 68. Kb4 Rc1 0-1

[Event "Online Olym Div4 B 2020"]
[Site "chess.com INT"]
[Date "2020.08.01"]
[Round "4.3"]
[Board "3"]
[White "Mahmoud, Roula"]
[Black "Caruana Pulpan, Oana"]
[Result "0-1"]
[WhiteTitle "WFM"]
[BlackTitle "WFM"]
[WhiteElo "1771"]
[BlackElo "1901"]
[WhiteTeam "Syria"]
[BlackTeam "Malta"]
[WhiteFideId "7601263"]
[BlackFideId "5600502"]
[EventDate "2020.07.31"]
[EventType "team"]

1. e4 c5 2. Nf3 Nc6 3. d3 Nf6 4. Nbd2 g6 5. c3 d5 6. g3 Bg7 7. Bg2 b6 8. O-O O-O
9. Re1 Bb7 10. e5 Ng4 11. d4 cxd4 12. cxd4 f6 13. exf6 exf6 14. Nf1 Qd7 15. Bf4
Rae8 16. Qb3 Na5 17. Qc3 Nc4 18. Rac1 Rxe1 19. Rxe1 Rc8 20. Qb4 Bf8 21. Qb3 a5
22. N1d2 g5 23. Be3 Ngxe3 24. fxe3 g4 25. Nh4 Nxd2 26. Qxb6 Be7 27. Qxa5 Rc2 28.
b3 f5 29. Rd1 Bg5 30. Re1 Bxh4 31. gxh4 Nf3+ 32. Bxf3 gxf3 33. Rf1 Qg7+ 0-1

[Event "Online Olym Div4 B 2020"]
[Site "chess.com INT"]
[Date "2020.08.01"]
[Round "4.3"]
[Board "4"]
[White "Mazkevich, Elena"]
[Black "Yazji, Mada"]
[Result "1/2-1/2"]
[WhiteElo "1686"]
[BlackElo "1704"]
[WhiteTeam "Malta"]
[BlackTeam "Syria"]
[WhiteFideId "5603315"]
[BlackFideId "7602065"]
[EventDate "2020.07.31"]
[EventType "team"]

1. d4 d5 2. c4 e6 3. Nc3 c6 4. Nf3 Nf6 5. Bg5 Be7 6. e3 Nbd7 7. cxd5 exd5 8. Bd3
O-O 9. O-O h6 10. Bh4 Ne4 11. Bxe7 Qxe7 12. Qc2 Ndf6 13. Ne5 Nd6 14. h3 Be6 15.
Rac1 Nd7 16. Nf3 Qf6 17. Qe2 Rfe8 18. Na4 Bf5 19. b4 Bxd3 20. Qxd3 a6 21. Nc5
Nxc5 22. dxc5 Ne4 23. a3 Qe7 24. Rfd1 a5 25. Ra1 axb4 26. axb4 Qf6 27. Qd4 Qxd4
28. Nxd4 Nc3 29. Rdc1 Na2 30. Rcb1 Nc3 31. Rxa8 Rxa8 32. Rc1 Ne4 33. f3 Nd2 34.
Rc2 Nc4 35. Re2 Re8 36. Kf2 Kh7 37. e4 dxe4 38. Rxe4 Rxe4 39. fxe4 Kg6 40. Nf5
Ne5 41. Ke3 Kf6 42. Nd6 Ke6 43. Nxb7 Nc4+ 44. Kd4 Nd2 45. Nd8+ Kd7 46. Nxf7 Nb3+
47. Kc3 Nc1 48. Ne5+ Kc7 49. Kc2 Na2 50. Kb3 Nc1+ 51. Kc4 Ne2 52. g4 Nf4 53. h4
Ne6 54. Nf7 Nf4 55. g5 hxg5 56. Nxg5 Ng6 57. Ne6+ Kd7 58. Nxg7 Nxh4 59. Nf5 Nf3
60. Kc3 Ne5 61. Kd4 Nf3+ 62. Ke3 Ne5 63. Kd2 Nc4+ 64. Kc3 Ne5 65. Nd4 Nf7 66. e5
Nxe5 67. b5 cxb5 68. Nxb5 Kc6 69. Kd4 Nf3+ 70. Kc4 Ne5+ 71. Kd4 Nf3+ 72. Ke3
Kxb5 73. Kxf3 Kxc5 1/2-1/2

[Event "Online Olym Div4 B 2020"]
[Site "chess.com INT"]
[Date "2020.08.01"]
[Round "4.3"]
[Board "5"]
[White "Koniahli, Malek."]
[Black "Mizzi, Jack"]
[Result "1-0"]
[WhiteTitle "FM"]
[WhiteElo "2261"]
[BlackElo "1911"]
[WhiteTeam "Syria"]
[BlackTeam "Malta"]
[WhiteFideId "7603495"]
[BlackFideId "5602521"]
[EventDate "2020.07.31"]
[EventType "team"]

1. e4 c6 2. d3 d5 3. Nd2 e5 4. g3 Nf6 5. Bg2 Bc5 6. Ngf3 Nbd7 7. c3 O-O 8. O-O
dxe4 9. dxe4 Re8 10. Qe2 Nf8 11. Nc4 Ng6 12. b4 Bf8 13. Rd1 Qc7 14. Bg5 Nd7 15.
h4 Be7 16. h5 Ngf8 17. Bxe7 Rxe7 18. h6 g6 19. Qd2 Nb6 20. Nxb6 Qxb6 21. Qg5 Re6
22. Bh3 f6 23. Bxe6+ Nxe6 24. Qxf6 Qc7 25. Ng5 Nxg5 26. Rd8+ 1-0

[Event "Online Olym Div4 B 2020"]
[Site "chess.com INT"]
[Date "2020.08.01"]
[Round "4.3"]
[Board "6"]
[White "Stagno, Milena"]
[Black "Khalil, Manar"]
[Result "0-1"]
[WhiteElo "1486"]
[BlackElo "1793"]
[WhiteTeam "Malta"]
[BlackTeam "Syria"]
[WhiteFideId "5602289"]
[BlackFideId "7604661"]
[EventDate "2020.07.31"]
[EventType "team"]

1. e4 c5 2. c3 d6 3. d4 cxd4 4. cxd4 g6 5. Nf3 Bg7 6. Nc3 Nf6 7. Be3 O-O 8. Bc4
a6 9. O-O b5 10. Bb3 Bb7 11. Bc2 Nc6 12. Qd2 Na5 13. b3 Rc8 14. Rac1 Ng4 15. Bd3
Nc6 16. h3 Nxe3 17. Qxe3 Qb6 18. Ne2 e5 19. d5 Qxe3 20. fxe3 Nb4 21. Bb1 a5 22.
a3 Na6 23. Bd3 b4 24. a4 Nc5 25. Bb1 Nxb3 26. Rxc8 Rxc8 27. Ba2 Nc5 28. Nd2 Ba6
29. Re1 Bh6 30. Kf2 Nd3+ 31. Kf1 Nxe1 32. Kxe1 Bxe3 33. Ng3 Rc1# 0-1

[Event "Online Olym Div4 B 2020"]
[Site "chess.com INT"]
[Date "2020.08.01"]
[Round "4.4"]
[Board "1"]
[White "Alothman, Abdul Wahab"]
[Black "Wanyama, Harold"]
[Result "1/2-1/2"]
[WhiteTitle "FM"]
[BlackTitle "FM"]
[WhiteElo "1930"]
[BlackElo "2312"]
[WhiteTeam "Kuwait"]
[BlackTeam "Uganda"]
[WhiteFideId "10300015"]
[BlackFideId "10000380"]
[EventDate "2020.07.31"]
[EventType "team"]

1. d4 d5 2. Nf3 Nf6 3. c4 e6 4. Nc3 c6 5. e3 Nbd7 6. Bd3 Bd6 7. e4 dxe4 8. Nxe4
Nxe4 9. Bxe4 e5 10. dxe5 Nxe5 11. O-O Nxf3+ 12. Qxf3 O-O 13. Rd1 Qc7 14. Bxh7+
Kxh7 15. Qd3+ Kg8 16. Qxd6 Qxd6 17. Rxd6 Be6 18. b3 Rfd8 19. Bf4 Rxd6 20. Bxd6
Rd8 21. Bf4 a5 22. f3 a4 23. Kf2 Rd3 24. Ke2 Rd7 25. Rd1 Rxd1 26. Kxd1 axb3 27.
axb3 b5 28. Kd2 bxc4 29. bxc4 Bxc4 30. Bd6 Kh7 31. f4 Kg6 32. Ke3 Kh5 33. h3 f5
34. Bf8 g6 35. Be7 Kh6 36. g3 Kg7 37. Bd6 Kf6 38. h4 Ke6 39. Bb4 Kd5 40. Ba3 Ba2
41. Kd3 c5 42. Bb2 c4+ 43. Ke3 Bb1 44. Bc3 Bc2 45. Bd2 Bd1 46. Bc3 Kc5 47. Bd2
Kb5 48. Kd4 Be2 49. Be1 Ka4 50. Kc3 Ka3 51. Bf2 Bd3 52. Be3 Ka2 53. Bc5 Ka1 54.
Bd4 Kb1 55. Kd2 Bf1 56. Be5 Ka2 57. Kc3 Kb1 58. Kd2 Bd3 59. Bd4 Ka2 60. Kc3 Ka3
61. Be5 Ka4 62. Bf6 Kb5 63. Be7 Kc6 64. Kd4 Bf1 65. Ba3 Kb5 66. Kc3 Be2 67. Bd6
Kc6 68. Be5 Kd5 69. Kd2 Bg4 70. Ke3 Kc5 71. Bc3 Kb5 72. Kd4 Be2 73. Bd2 Ka4 74.
Kc3 Kb5 75. Be3 Kc6 76. Kd4 Kd6 77. Bd2 Kc6 78. Be3 Kb5 79. Kc3 1/2-1/2

[Event "Online Olym Div4 B 2020"]
[Site "chess.com INT"]
[Date "2020.08.01"]
[Round "4.4"]
[Board "3"]
[White "Alawadhi, Amenah"]
[Black "Ampaire, Shakira"]
[Result "0-1"]
[WhiteTitle "WCM"]
[BlackTitle "WCM"]
[WhiteElo "1327"]
[BlackElo "1673"]
[WhiteTeam "Kuwait"]
[BlackTeam "Uganda"]
[WhiteFideId "10301100"]
[BlackFideId "10002782"]
[EventDate "2020.07.31"]
[EventType "team"]

1. d4 d5 2. Bf4 Nf6 3. e3 Bf5 4. Bd3 Bxd3 5. Qxd3 c6 6. Nf3 e6 7. O-O Bd6 8. Ne5
Nh5 9. Bg3 Nxg3 10. hxg3 Bxe5 11. dxe5 Qg5 12. Qd4 Nd7 13. Qf4 Qxe5 14. Qxe5
Nxe5 15. f4 Nc4 16. Re1 Nxb2 17. Nd2 O-O-O 18. Nb3 b6 19. g4 Na4 20. Nd4 Kc7 21.
Rec1 Nc3 22. Kf1 a5 23. a4 c5 24. Nf3 f6 25. g3 Rd6 26. Ra3 Ne4 27. Kg2 Rhd8 28.
c3 h6 29. Rc2 Kb7 30. Rb3 Ka6 31. Rb5 Rc6 32. Rc1 Nd6 33. Rbb1 Nc4 34. Kf2 e5
35. Ke2 e4 36. Ne1 d4 37. cxd4 cxd4 38. exd4 Rxd4 39. Rc2 Rcd6 40. Rbc1 Rd2+ 41.
Rxd2 Rxd2+ 42. Kf1 b5 43. axb5+ Kxb5 44. Nc2 Ka4 45. Ke1 Rh2 46. Ra1+ Kb3 47.
Nd4+ Kc3 48. Ne2+ Kd3 49. Rd1+ Ke3 50. Ng1 Rg2 51. Nh3 Re2+ 52. Kf1 Nd2+ 53. Kg1
Nf3+ 54. Kf1 Rh2 55. Ng1 Rh1 56. Kg2 Rxg1+ 57. Rxg1 Nxg1 58. Kxg1 Kf3 59. Kf1
Kxg3 60. Ke2 Kxf4 61. g5 hxg5 0-1

[Event "Online Olym Div4 B 2020"]
[Site "chess.com INT"]
[Date "2020.08.01"]
[Round "4.4"]
[Board "4"]
[White "Nakabo, Peninah"]
[Black "Hadeel Mohammad Kalandar"]
[Result "1-0"]
[WhiteElo "1730"]
[BlackElo "1114"]
[WhiteTeam "Uganda"]
[BlackTeam "Kuwait"]
[WhiteFideId "10004556"]
[BlackFideId "10303642"]
[EventDate "2020.07.31"]
[EventType "team"]

1. e4 e5 2. Nf3 Nc6 3. Bb5 a6 4. Bxc6 dxc6 5. O-O Bg4 6. d3 Bd6 7. Nbd2 Nf6 8.
b3 O-O 9. Bb2 Qe8 10. Qe1 Rd8 11. h3 Bxf3 12. Nxf3 h6 13. Qc3 Nd7 14. Nh4 g5 15.
Nf5 Kh7 16. Qd2 f6 17. Rae1 Bc5 18. Bc1 Rg8 19. Qe2 Bb6 20. Kh1 Qf7 21. Be3 Bxe3
22. Qxe3 c5 23. Qd2 b6 24. a3 a5 25. a4 Qg6 26. Ne3 h5 27. Qe2 g4 28. h4 Rdf8
29. Nf5 Rf7 30. g3 Nf8 31. c3 Ne6 32. Qe3 Nf4 33. gxf4 exf4 34. Qxf4 Qg5 35.
hxg5 Rxg5 36. Qg3 1-0

[Event "Online Olym Div4 B 2020"]
[Site "chess.com INT"]
[Date "2020.08.01"]
[Round "4.4"]
[Board "5"]
[White "Alhejab, Meshal"]
[Black "Nyola Wasswa Mark"]
[Result "0-1"]
[WhiteElo "1681"]
[BlackElo "1680"]
[WhiteTeam "Kuwait"]
[BlackTeam "Uganda"]
[WhiteFideId "10302603"]
[BlackFideId "10007660"]
[EventDate "2020.07.31"]
[EventType "team"]

1. e4 e5 2. Nf3 Nf6 3. Nxe5 d6 4. Nf3 Nxe4 5. d4 d5 6. Bd3 Bd6 7. O-O O-O 8. c4
c6 9. Nc3 Nxc3 10. bxc3 Nd7 11. cxd5 cxd5 12. Re1 Re8 13. Bg5 Rxe1+ 14. Qxe1 Qf8
15. Qe3 Nb6 16. Ne5 f6 17. Bxh7+ Kxh7 18. Qd3+ Kg8 19. Ng6 Qf7 20. Bd2 Nc4 21.
Be3 Nxe3 22. fxe3 f5 23. Nf4 Bxf4 24. exf4 Bd7 25. Re1 Re8 26. Re5 Rxe5 27. dxe5
Qe6 28. Qd4 Qb6 29. Qxb6 axb6 30. Kf2 Kf7 31. Ke3 Ke6 32. Kd4 Bb5 33. a3 Be2 34.
Ke3 Bc4 35. Kd4 g6 36. Ke3 g5 37. fxg5 Kxe5 38. h4 f4+ 39. Kf3 Kf5 40. g6 Kxg6
41. Kxf4 Kh5 42. g4+ Kxh4 43. g5 Bd3 44. Ke5 Kxg5 45. Kxd5 Kf5 46. Kd6 Be4 47.
Kc7 b5 48. Kb6 Bc6 49. Kc5 Ke5 50. c4 bxc4 51. Kxc4 Bf3 52. Kc5 Be2 53. a4 Ba6
54. a5 Ke6 55. Kb4 Kd6 56. Kb3 Kc5 57. Ka4 Kc4 58. Ka3 Kb5 59. Kb3 Kxa5 60. Ka3
Kb5 61. Kb3 Kc5 62. Kc3 Bc4 63. Kb2 Kb4 64. Kc2 b5 65. Kb2 Bd5 66. Kc2 Ka3 67.
Kb1 b4 68. Ka1 b3 69. Kb1 b2 0-1

[Event "Online Olym Div4 B 2020"]
[Site "chess.com INT"]
[Date "2020.08.01"]
[Round "4.5"]
[Board "1"]
[White "Nduwayesu, Maranatha"]
[Black "Nezad, Husein Aziz"]
[Result "0-1"]
[BlackTitle "IM"]
[WhiteElo "1829"]
[BlackElo "2386"]
[WhiteTeam "Rwanda"]
[BlackTeam "Qatar"]
[WhiteFideId "16001109"]
[BlackFideId "12100293"]
[EventDate "2020.07.31"]
[EventType "team"]

1. e4 e5 2. Nf3 Nc6 3. Bc4 Nf6 4. O-O Nxe4 5. Bd5 Nf6 6. Bxc6 dxc6 7. Nxe5 Bd6
8. d4 O-O 9. Nd2 Be6 10. Ndf3 h6 11. Be3 Re8 12. h3 Nd5 13. Re1 c5 14. Bc1 cxd4
15. Qxd4 Qf6 16. Bd2 c5 17. Qe4 Qf5 18. Qxf5 Bxf5 19. c3 f6 20. Nc4 Bc7 21. Ne3
Be4 22. Nh2 Nf4 23. b3 Rad8 24. Bc1 Be5 25. Nd1 Nd3 26. Rxe4 Bxh2+ 27. Kxh2 Rxe4
28. Be3 f5 29. f3 Re6 30. a4 f4 31. Bf2 Re2 32. Bg1 Re1 33. Rb1 a5 34. h4 Kf7
35. h5 Rd5 0-1